Xử lý nước

Đã lưu trong:
Bibliografiske detaljer
Hovedforfatter: Raymond Desjardins
Format: Bog
Sprog:Vietnamese
Udgivet: Xây dựng 2009
Fag:
Tags: Tilføj Tag
Ingen Tags, Vær først til at tagge denne postø!
Thư viện lưu trữ: Mạng thư viện Đại học Đà Nẵng
LEADER 00947nam a2200313 a 4500
001 000003179
003 03866
005 20171229145311.0
008 171229s2009 vie
040 |a LSK 
041 0 |a VIE 
082 0 |a 628.16  |b DE-R 
100 1 |a Raymond Desjardins 
245 0 0 |a Xử lý nước 
260 |b Xây dựng  |c 2009 
300 |a 267 pages  |c 24 cm. 
653 |a Nước - Xử lý 
852 |a Phòng Đọc - Phòng Mượn 
901 |a 5 
927 |a Sách tham khảo 
OWN |a LSK 
AVA |a UDN50  |b LSK  |d 628.16 DE-R  |e available  |t Error 5001 Not defined in file expand_doc_bib_avail.  |f 5  |g 0  |h N  |i 2  |k 1 
999 |a From the UDN01 
AVA |a UDN50  |b LSK  |d 628.16 DE-R  |e available  |t Error 5001 Not defined in file expand_doc_bib_avail.  |f 5  |g 0  |h N  |i 2  |k 1 
TYP |a Monograph 
TYP |a Printed language 
980 |a Mạng thư viện Đại học Đà Nẵng